Najpopularniejsze języki programowania - Statystyki

Ogólne statystyki
  • Ten quiz został rozwiązany 332 razy
  • Średni wynik to 6 z 10
Statystyki odpowiedzi
Miejsce Język % Poprawnych
4 C#
99%
2 C/C++
99%
3 Java
97%
1 Python
96%
6 JavaScript
82%
8 Kotlin
39%
9 SQL
35%
7 Go
31%
5 Swift
25%
10 VisualBasic
12%
Nie znaleziono quizów pasujących do podanych kryteriów
Rozkład punktacji
Procent ludzi z każdym wynikiem
Percentyl według liczby udzielonych odpowiedzi
Twoja historia wyników
Nie rozwiązałeś tego quizu